Счетчики расхода электрической энергии, их теория, устройство и практические применения
| Egile nagusia: | |
|---|---|
| Gaia: | Дозв. Цензурою С.-Петербург, 30 декабря 1897 года Текст в русской дореформенной орфографии Текст в русской дореформенной орфографии |
| Hizkuntza: | errusiera |
| Argitaratua: |
Санкт-Петербург, Издание Ф. В. Щепанского, 1898
|
| Gaiak: | |
| Formatua: | MixedMaterials Liburua |
| KOHA link: | https://koha.lib.tpu.ru/cgi-bin/koha/opac-detail.pl?biblionumber=275866 |
MARC
| LEADER | 00000nam0a2200000 4500 | ||
|---|---|---|---|
| 001 | 275866 | ||
| 005 | 20231101234851.0 | ||
| 035 | |a (RuTPU)RU\TPU\book\299119 | ||
| 090 | |a 275866 | ||
| 100 | |a 20141117d1898 m y0rusy50 ca | ||
| 101 | 0 | |a rus | |
| 102 | |a RU | ||
| 105 | |a a z 000zy | ||
| 200 | 1 | |a Счетчики расхода электрической энергии, их теория, устройство и практические применения |f А. В. Шкларевич | |
| 210 | |a Санкт-Петербург |c Издание Ф. В. Щепанского |d 1898 | ||
| 215 | |a 79 с. |c ил. | ||
| 300 | |a Дозв. Цензурою С.-Петербург, 30 декабря 1897 года | ||
| 300 | |a Текст в русской дореформенной орфографии | ||
| 300 | |a Текст в русской дореформенной орфографии | ||
| 316 | |5 63413507: М-133098 |a Владельческая подпись и штамп-экслибрис И. Н. Бутакова | ||
| 317 | |5 63413507: М-133098 |a Поступила в НТБ в 1970 г. в составе книжного собрания профессора ТПИ И. Н. Бутакова | ||
| 606 | 1 | |a Электрические установки |x Мощность |x Измерение |2 stltpush |3 (RuTPU)RU\TPU\subj\27682 |9 51401 | |
| 610 | 1 | |a электроизмерительные приборы | |
| 610 | 1 | |a электрические счетчики | |
| 610 | 1 | |a устройство | |
| 610 | 1 | |a классификация | |
| 610 | 1 | |a обслуживание | |
| 610 | 1 | |a владельческая надпись | |
| 610 | 1 | |a владельческие знаки | |
| 610 | 1 | |a библиотека И. Н. Бутакова | |
| 675 | |a 621.317.78 |v 4 | ||
| 700 | 1 | |a Шкларевич |b А. В. | |
| 801 | 1 | |a RU |b 63413507 |c 20141117 | |
| 801 | 2 | |a RU |b 63413507 |c 20200709 |g RCR | |
| 942 | |c BK | ||